Commercial Law Including Company Law & Industrial Law Business Law/ (Record no. 214365)

MARC details
000 -LEADER
fixed length control field 00673nam a22002057a 4500
005 - DATE AND TIME OF LATEST TRANSACTION
control field 20260121112617.0
010 ## - LCCN (DPL NO)
LC control number ENG-147577
020 ## - INTERNATIONAL STANDARD BOOK NUMBER
Terms of availability 600.00
International Standard Book Number 9789382878148
035 ## - SYSTEM CONTROL NUMBER
System control number EN-131109
037 ## - SOURCE OF ACQUISITION
Source of stock number/acquisition DBAD
Stock number DPL
082 ## - DEWEY DECIMAL CLASSIFICATION NUMBER
Classification number 346.5407
Edition number 26
100 ## - MAIN ENTRY--PERSONAL NAME
Personal name Sen, Arun Kumar
245 ## - TITLE STATEMENT
Title Commercial Law Including Company Law & Industrial Law Business Law/
Statement of responsibility, etc Arun Kumar Sen [and] Jitendra Kumar Mitra
250 ## - EDITION STATEMENT
Edition statement 26
260 ## - PUBLICATION, DISTRIBUTION, ETC. (IMPRINT)
Name of publisher, distributor, etc The World Press Pvt Ltd,
Place of publication, distribution, etc Kolkata
Date of publication, distribution, etc 2022
270 ## - ADDRESS
Address 37A College Street
City Kolkata
Postal code 700073
300 ## - PHYSICAL DESCRIPTION
Extent 815p.
Dimensions 24cm(pb)
700 ## - ADDED ENTRY--PERSONAL NAME
Personal name Mitra, Jitendra Kumar
Relator term Author
9 (RLIN) 86702
942 ## - ADDED ENTRY ELEMENTS (KOHA)
Source of classification or shelving scheme Dewey Decimal Classification
Item type English Books
Classification part 346.5407
Call number suffix SEN
Holdings
Withdrawn status Lost status Not for loan Collection code Home library Current library Date acquired Source of acquisition Cost, normal purchase price Full call number Barcode Copy number Cost, replacement price Koha item type
      Non-fiction Janak Puri Janak Puri 21/01/2026 Delivery of Books Act Division 600.00 346.5407 SEN EN-131109 1 600.00 English Books

© Delhi Public Library
Hit Counter
free hit counter